<?xml version="1.0" encoding="UTF-8"?>
<record
    xmlns:xsi="http://www.w3.org/2001/XMLSchema-instance"
    xsi:schemaLocation="http://www.loc.gov/MARC21/slim http://www.loc.gov/standards/marcxml/schema/MARC21slim.xsd"
    xmlns="http://www.loc.gov/MARC21/slim">

  <leader>00418nam a2200157 a 4500</leader>
  <controlfield tag="003">DLC</controlfield>
  <controlfield tag="005">20210219152750.0</controlfield>
  <datafield tag="022" ind1=" " ind2=" ">
    <subfield code="a">0952-391 X</subfield>
  </datafield>
  <datafield tag="035" ind1=" " ind2=" ">
    <subfield code="a">UPN01000060383</subfield>
  </datafield>
  <datafield tag="245" ind1="0" ind2="0">
    <subfield code="a">EUROPEAN JOURNAL OF INTERCULTURAL STUDIES</subfield>
  </datafield>
  <datafield tag="260" ind1=" " ind2=" ">
    <subfield code="a">Inglaterra :</subfield>
    <subfield code="b">International Association of Intercultural Education</subfield>
  </datafield>
  <datafield tag="310" ind1=" " ind2=" ">
    <subfield code="a">Tres veces al a&#xF1;o</subfield>
  </datafield>
  <datafield tag="653" ind1="0" ind2=" ">
    <subfield code="a">INTERCULTURALIDAD</subfield>
  </datafield>
  <datafield tag="905" ind1=" " ind2=" ">
    <subfield code="a">Revista</subfield>
  </datafield>
  <datafield tag="952" ind1=" " ind2=" ">
    <subfield code="0">0</subfield>
    <subfield code="1">0</subfield>
    <subfield code="2">lcc</subfield>
    <subfield code="4">0</subfield>
    <subfield code="7">21</subfield>
    <subfield code="8">PP</subfield>
    <subfield code="a">BCUPN50</subfield>
    <subfield code="b">BCUPN50</subfield>
    <subfield code="c">PP</subfield>
    <subfield code="h">v. 3, no. 1 (1992)</subfield>
    <subfield code="l">0</subfield>
    <subfield code="p">6038310</subfield>
    <subfield code="r">2020-12-31 00:00:00</subfield>
    <subfield code="t">1</subfield>
    <subfield code="y">REV-I</subfield>
  </datafield>
  <datafield tag="999" ind1=" " ind2=" ">
    <subfield code="c">60173</subfield>
    <subfield code="d">60173</subfield>
  </datafield>
</record>
